000 00755cam a2200205 4500
001 WB3611-30
008 000000n2000 000 0 eng u
035 _a(Sirsi) u104848
245 _aProtester's victory in phone mast campaign
260 _c2000
490 _aDaily Telegraph
_v 14 March 2000, 11(1)
520 _aA government planning inspector has passed a landmark decision, which could lead to mobile phone masts being taken down. Vodafone has been ordered to remove a mast which breached height regulations.
590 _aWB
650 _aMOBILE PHONE MASTS
650 _aVODAFONE
650 _aPLANNING DECISION
650 _aHEIGHT RESTRICTIONS
690 _aENVIRONMENTAL AND LAND CONSULTANCY-PLANNING AND DEVELOPMENT
942 _n0
999 _c62900
_d62900